000 00246nam a2200097Ia 4500
008 230508s1996 xx 000 0 und d
041 _aeng
100 _aROBERT G GREEN
245 _aMACHINERYS HANDBOOK GUIDE
260 _bINDUSTRIAL PRESS, NE
_c1996
999 _c738322
_d738322